Optics : (Record no. 179940)

MARC details
000 -LEADER
fixed length control field 00588nam a22001937a 4500
005 - DATE AND TIME OF LATEST TRANSACTION
control field 20210719114206.0
010 ## - LCCN (DPL NO)
LC control number ENG-129582
020 ## - INTERNATIONAL STANDARD BOOK NUMBER
International Standard Book Number 978-93-90113-59-0
Terms of availability 850.00
035 ## - SYSTEM CONTROL NUMBER
System control number EN-113114
037 ## - SOURCE OF ACQUISITION
Source of stock number/acquisition DBAD/PUB
082 ## - DEWEY DECIMAL CLASSIFICATION NUMBER
Classification number 535
100 ## - MAIN ENTRY--PERSONAL NAME
Personal name Ghatak, Ajoy
245 ## - TITLE STATEMENT
Title Optics :
Remainder of title /
Statement of responsibility, etc By Ajoy Ghatak
250 ## - EDITION STATEMENT
Edition statement 7th
260 ## - PUBLICATION, DISTRIBUTION, ETC. (IMPRINT)
Place of publication, distribution, etc Alapakkam
Name of publisher, distributor, etc Mc Graw Hill
Date of publication, distribution, etc 2020
270 ## - ADDRESS
Address 444/1,Sri Ekambara Naicker Industrial Estate,Alapakkam,Porur
City Chennai
Postal code 600116
Electronic mail address info.india@mheducation.com
Telephone number 18001035875
300 ## - PHYSICAL DESCRIPTION
Extent 550p;
Dimensions 28cm(pbx)
942 ## - ADDED ENTRY ELEMENTS (KOHA)
Source of classification or shelving scheme Dewey Decimal Classification
Item type English Books
Classification part 535
Call number suffix GHA
Holdings
Withdrawn status Lost status Not for loan Collection code Home library Current library Date acquired Source of acquisition Cost, normal purchase price Full call number Barcode Copy number Cost, replacement price Koha item type
      Non-fiction Central Library Central Library 19/07/2021 DBAD/PUB 850.00 535 GHA EN-113114 1 850.00 English Books

© Delhi Public Library
Hit Counter
free hit counter